00470nam a2200157Ia 4500003000400000008004100004040001600045082001300061100001800074245010000092260005300192300001000245650002800255650001900283650001000302GCL140319s9999 xx 000 0 eng d aGCL / cGCL04a015bN G1 aNORTON, PETER10aTHE GREAT CONVERSATIONAL: A READER'S GUIDE TO GREAT BOOK OF THE WESTERN WORLD / cNORTON, PETER a[S.N] : bENCYCLOPEDIA BRITANNICA,INC. ، c1994 a100 P04aBIBLIOGRAPHY, UNIVERSAL04aBIBLIOGRAPHIES04aBOOKS